| 000 | 01691nam0a22003491 4500 | ||
|---|---|---|---|
| 001 | rc\3769694 | ||
| 005 | 20250211111434.0 | ||
| 021 |
_aRU _b[75-67520] |
||
| 035 | _a(NLR Aleph) 007225246 | ||
| 090 |
_a7710156 _c7710156 |
||
| 100 | _a20120127d1975 |||y0rusy50 ca | ||
| 101 | 0 | _arus | |
| 102 | _aRU | ||
| 105 | _aa z ||||| | ||
| 200 | 1 |
_aАппараты погружного горения в химической промышленности _fНауч.-исслед. ин-т техн.-экон. исследований "НИИТЭхим" |
|
| 210 |
_a[Москва _cНИИТЭХим] _d1975 |
||
| 215 |
_a20 с., 1 л. черт. _cчерт. _d20 |
||
| 225 | 1 |
_aОбзорная информация _iСерия "Фосфор и его соединения" |
|
| 300 | _aНа 2-й с. обл. авт. кандидаты техн. наук Пономарев Ю.Л., Кузнецов А.В., Шварцман Ю.А., Реутович Л.Н. | ||
| 606 |
_aВыпарные установки с погружными горелками _2psbo |
||
| 606 | 1 |
_aХимическое оборудование _2nlr_sh2 _3RU\NLR\AUTH\661318429 |
|
| 701 | 1 |
_aШварцман _bЮ. А. |
|
| 701 | 1 |
_aРеутович _bЛ. Н. |
|
| 701 | 1 |
_aКузнецов _bА. В. |
|
| 701 | 1 |
_aПономарев _bЮ. Л. |
|
| 712 | 0 | 2 |
_aНаучно-исследовательский институт технико-экономических исследований М-ва химической промышленности СССР _3RU\NLR\AUTH\8813349 |
| 801 | 0 |
_aRU _bNLR _gpsbo |
|
| 801 | 1 |
_aRU _bELAR _2rusmarc |
|
| 852 |
_aNLR _j75-4/18440 |
||
| 942 | _cBOOK | ||
| 980 | _aNB | ||